Stations de métro et RER du 13ème arrondissement par fréquentation - Statistiques

Statistiques générales
  • Ce quiz a été pris 151 fois
  • Le résultat moyen est 13 sur 19
Statistiques - réponses
Réponse Trafic annuel Particularités % Correct
Place d'Italie 10 577 276
97%
Olympiades 7 912 359
84%
Nationale 2 497 964
83%
Porte d'Italie 2 363 639
83%
Tolbiac 3 191 066
83%
Porte de Choisy 2 598 026
82%
Porte d'Ivry 1 901 960
82%
Maison-Blanche 1 803 381
81%
Chevaleret 3 426 306
80%
Quai de la Gare 3 033 927
78%
Glacière 4 498 939
75%
Les Gobelins 3 377 372
75%
Campo-Formio 1 335 450
70%
Corvisart 2 512 122
67%
Saint-Marcel 2 131 369 Proche du 5ème, mais bien dans le 13ème
65%
Bibliothèque François Mitterrand RER 27 828 914
40%
Bibliothèque François Mitterrand Métro 19 754 334
39%
Paris Austerlitz RER et grandes lignes 21 682 820
37%
Gare d'Austerlitz Métro 9 887 549
35%
Aucun quiz correspondant
Distribution des résultats
% des personnes avec chaque résultat
Percentile par nombre de réponses
Votre historique - résultats
Vous n’avez pas pris ce quiz